Súčasti komplexného výsledku neovplyvňujúce výsledok hospodárenia a ich vykazovanie podľa IFRS diplomová práca

Enregistré dans:
Détails bibliographiques
Auteur principal: Balogová, Oľga
Collectivité auteur: Fakulta hospodárskej informatiky EU. Katedra účtovníctva a audítorstva
Autres auteurs: Podmanická, Martina, 1977-
Format: Livre
Langue:slovaque
Publié: Bratislava 2012
Tags: Ajouter un tag
Pas de tags, Soyez le premier à ajouter un tag!

MARC

LEADER 00000nbm a2200000 4500
001 0154772
005 20161109102143.8
041 0 |a slo 
044 |a SK 
245 1 0 |a Súčasti komplexného výsledku neovplyvňujúce výsledok hospodárenia a ich vykazovanie podľa IFRS  |b diplomová práca  |c Oľga Balogová ; školiteľ: Martina Podmanická 
264 1 |a Bratislava  |c 2012 
300 |a 71 s. 
100 1 |a Balogová, Oľga 
700 1 |a Podmanická, Martina, 1977- 
710 2 |a Fakulta hospodárskej informatiky EU. Katedra účtovníctva a audítorstva